000 00417nam a22001697a 4500
005 20180811113338.0
008 160614b xxu||||| |||| 00| 0 eng d
020 _a81-242-0268-0
041 _aeng
082 _b7346
_a658.3124
100 _aRAE, LESLIE
_91809
245 _aThe Art of Training and Development in Mgt.(VOL-2)
260 _bkagon pege
300 _a214p,
650 _aManagement
_9241
942 _cBK
999 _c2601
_d2600